00358nam a22001337a 4500003000400000008004100004020001700045100001600062245005600078250002400134260004900158300000900207650000800216OSt210115b ||||| |||| 00| 0 eng d a978812916660 aRAJPUT, RK  aText Book of Fluid Mechanics and Hydraulic Machines a1st Ed reprint 2014 aNew DelhibS.Chand and Company Pvt ltdc2014 aMISC aBCE